La Izquierda revolucionaria en Centroamérica : el FSLN desde su fundación a la insurrección popular / Salvador Martí i Puig el FSLN desde su fundación a la insurrección popular / Salvador Martí i Puig
ISBN:
1133-8962
Descripción Física:
50 p. ; 21 cm
MARC
| LEADER | 00000nam a2200000Ia 4500 | ||
|---|---|---|---|
| 001 | 14385 | ||
| 008 | 160829s2002 xx 000 0 cat d | ||
| 020 | |a 1133-8962 | ||
| 080 | |a M-4-219 | ||
| 100 | |a Martí i Puig, Salvador |9 25038 | ||
| 245 | |a La Izquierda revolucionaria en Centroamérica : |b el FSLN desde su fundación a la insurrección popular / Salvador Martí i Puig | ||
| 260 | |a Barcelona : |b Institut de Ciències Polítiques i Socials, |c 2002 | ||
| 300 | |a 50 p. ; |c 21 cm | ||
| 490 | |a Working papers / Institut de Ciències Polítiques i Socials ; 203 | ||
| 590 | |a Notes. | ||
| 590 | |a Bibliografia | ||
| 650 | |a Frente Sandinista de Liberación Nacional |x Història |9 25039 | ||
| 650 | |a Amèrica Central |x Història |x S. XX |9 25040 | ||
| 710 | 2 | |a Institut de Ciències Polítiques i Socials (Barcelona, Catalunya) |9 55871 | |
| 901 | |a Arxiu | ||
| 942 | |n 1 | ||
| 952 | |0 0 |1 0 |4 0 |6 M4219 |7 1 |9 43422 |a Arxiu |b Arxiu |d 2016-12-01 |l 0 |o M-4-219 |p 14385 |r 2016-12-01 00:00:00 |w 2016-12-01 |y ARXIU | ||
| 999 | |c 45968 |d 45968 | ||